| 000 | 01237nam0a22003131 4500 | ||
|---|---|---|---|
| 001 | rc\2362726 | ||
| 005 | 20260407182433.0 | ||
| 035 | _a(NLR Aleph) 006685504 | ||
| 090 |
_a5111694 _c5111694 |
||
| 100 | _a20110829d1977 |||y0rusy50 ca | ||
| 101 | 0 | _arus | |
| 102 | _aRU | ||
| 105 | _ay z ||||| | ||
| 200 | 1 |
_aОбщая вирусология _e[Сборник статей] _fИн-т вирусологии им. Д.И. Ивановского _gПод общ. ред. акад. В.М. Жданова и проф. Ф.И. Ершова |
|
| 210 |
_aМосква _cИн-т вирусологии _d1977 |
||
| 215 |
_a117 с. _d21 |
||
| 300 | _aРез. статей англ. | ||
| 320 | _aСписки лит. в конце статей | ||
| 606 |
_aВирусология _jСборники _2rkp |
||
| 702 | 1 |
_aЕршов _bФ.И. _4340 |
|
| 702 | 1 |
_aЖданов _bВ.М. _gВиктор Михайлович _4340 |
|
| 712 | 0 | 2 |
_aНИИ вирусологии им. Д. И. Ивановского _cМосква _3RU\NLR\AUTH\8810117549 _9734165 |
| 801 | 0 |
_aRU _bNLR _gpsbo |
|
| 801 | 1 |
_aRU _bELAR _2rusmarc |
|
| 852 |
_aNLR _j77-5/7064 |
||
| 899 |
_aRuMoRGB _jБ 77-10/869 |
||
| 899 |
_aRuMoRGB _jБ 77-10/870 |
||
| 942 | _cBOOK | ||
| 980 | _aNB | ||